Reflexiones, confidencias y recuerdos. Cuaderno I (Record no. 9181)

MARC details
000 -LEADER
campo de control de longitud fija 00954nam a2200253 i 4500
001 - NÚMERO DE CONTROL
campo de control 9181
003 - IDENTIFICADOR DE NÚMERO DE CONTROL
campo de control ES-MaACL
005 - FECHA Y HORA DE LA ÚLTIMA TRANSACCIÓN
campo de control 20251002204008.0
007 - CAMPO FIJO DE DESCRIPCIÓN FÍSICA--INFORMACIÓN GENERAL
campo de control de longitud fija t|
008 - DATOS DE LONGITUD FIJA--INFORMACIÓN GENERAL
campo de control de longitud fija 930521s1992 sp ||||1| spa d
020 ## - NÚMERO INTERNACIONAL ESTÁNDAR DEL LIBRO
Número Internacional Estándar del Libro 84-03-60224-3
080 ## - NÚMERO DE LA CLASIFICACIÓN DECIMAL UNIVERSAL
Número de la Clasificación Decimal Universal 92 Maura,G.
080 ## - NÚMERO DE LA CLASIFICACIÓN DECIMAL UNIVERSAL
Número de la Clasificación Decimal Universal 32:92 Maura,G.
100 1# - ENTRADA PRINCIPAL--NOMBRE DE PERSONA
Nombre de persona Maura Gamazo, Gabriel,
Títulos y otros términos asociados al nombre Duque de Maura,
Fechas asociadas al nombre 1879-1963
9 (RLIN) 79221
245 10 - MENCIÓN DEL TÍTULO
Título Reflexiones, confidencias y recuerdos. Cuaderno I
Resto del título : octubre de 1946 /
Mención de responsabilidad, etc. por el duque de Maura ; prólogo de Emilio García Gómez ; ilustraciones de Antonio Mingote.
260 ## - PUBLICACIÓN, DISTRIBUCIÓN, ETC.
Lugar de publicación, distribución, etc. Madrid :
Nombre del editor, distribuidor, etc. Fundación Antonio Maura,
Fecha de publicación, distribución, etc. 1992.
300 ## - DESCRIPCIÓN FÍSICA
Extensión 110, [4] p. ;
Dimensiones 19 cm.
600 14 - PUNTO DE ACCESO ADICIONAL DE MATERIA--NOMBRE DE PERSONA
Nombre de persona Maura Gamazo, Gabriel,
Títulos y otros términos asociados al nombre Duque de Maura,
Fechas asociadas al nombre 1879-1963
9 (RLIN) 79221
700 1# - ENTRADA AGREGADA--NOMBRE PERSONAL
Nombre de persona García Gómez, Emilio,
Fechas asociadas al nombre 1905-1995
9 (RLIN) 54690
700 1# - ENTRADA AGREGADA--NOMBRE PERSONAL
Nombre de persona Mingote, Antonio,
Fechas asociadas al nombre 1919-2012
9 (RLIN) 240761
710 2# - ENTRADA AGREGADA--NOMBRE DE ENTIDAD CORPORATIVA
Nombre de entidad corporativa o nombre de jurisdicción como elemento de entrada Fundación Antonio Maura.
9 (RLIN) 4220
852 ## - LOCALIZACIÓN
Ubicación ES-MaACL
Número de control de estantería L-16620
Sublocalización o colección R.120410
Holdings
Estatus retirado Estado de pérdida Estado de daño No para préstamo Biblioteca de origen Biblioteca actual Ubicación en estantería Fecha de adquisición Fuente de adquisición Total de préstamos Signatura topográfica completa Código de barras Visto por última vez Precio de reemplazo Tipo de ítem Koha
        Biblioteca del Ateneo de Madrid Biblioteca del Ateneo de Madrid Depósito 2 17/01/2008     L-16620 1009370 23/02/2023 23/02/2023 Libro impreso